LDR 00753naa#a2200205#i#450# 001 EN\\bibl\123439 005 20260705182520.7 011 ## _a1994-4683 100 ## _a20230731b2023####ek#y0engy0150####ca 102 ## _aRU 200 1# _aRATING EVALUATION OF COMPETITIVE ACTIVITY USING THE DIFFERENTIAL METHOD _eJournal article 210 1# _aMoscow _cNational State University of Physical Education, Sports and Health named after P.F. Lesgaft _d2023 215 ## _a4 с. 608 ## _aJournal article _2local 675 ## _aНормативы, нормы и оценки спортивных результатов. 796.015.865 _z 700 #1 _aYUshkin _gV N 700 #1 _aMarchenko _gS S 700 #1 _aStrizhakova _gE A 700 #1 _aPenkova _gR I 856 4# _auchzapiski.lesgaft.spb.ru _u